General Chemistry /

Salvato in:
Dettagli Bibliografici
Autore principale: Russell, John B (Autore)
Natura: Libro
Lingua:inglese
Pubblicazione: New York : McGraw-Hill, 1992
Edizione:2nd Edition
Serie:Schaum's Outline Series in Science
Tags: Aggiungi Tag
Nessun Tag, puoi essere il primo ad aggiungerne!!

MARC

LEADER 00000nam a22000003a 4500
001 stu24147
005 20150617225748.7
008 961022s1992----xxu-----------------eng-d
020 |a 0-07-054445-X 
040 |a STU  |b slo 
041 0 |a eng 
044 |a xxu 
080 |a 546.0 
100 1 |a Russell, John B  |4 aut 
245 1 |a General Chemistry /  |c [aut.]Russell,John B 
250 |a 2nd Edition 
260 |a New York :  |b McGraw-Hill,  |c 1992 
300 |a 969 s :  |b Obr.,tab.,grafy,index 
830 0 |a Schaum's Outline Series in Science 
996 |b C94531  |c C*94531  |l CCIII  |s P  |a 0  |w stu24147_0001 
996 |b C94582  |c C*94582  |l CCI  |s A  |a 24  |w stu24147_0002